[Event "World Open"]
[Site "Philadelphia"]
[Date "2011.06.30"]
[Round "1"]
[White "Van Wely, Loek"]
[Black "Aaron, Deepak"]
[Result "1-0"]
[WhiteElo "2737"]
[BlackElo "2343"]
[PlyCount "77"]
[EventDate "2011.06.??"]
[EventType "swiss"]
[EventRounds "9"]
[EventCountry "USA"]
[Source "MonRoi"]

1. d4 d5 2. c4 c6 3. Nf3 Nf6 4. Nc3 dxc4 5. a4 Bf5 6. e3 e6 7. Bxc4 Bb4 8. O-O
Nbd7 9. Nh4 O-O 10. f3 c5 11. Nxf5 exf5 12. Na2 a5 13. Nxb4 cxb4 14. Qd3 Nb6
15. Bb3 Qd7 16. e4 Rad8 17. Rd1 fxe4 18. fxe4 Qg4 19. e5 Nfd5 20. h3 Qh4 21.
Kh2 Ne7 22. Qf3 Nc6 23. Be3 Kh8 24. Bf2 Qe7 25. Qe4 f5 26. Qf3 g5 27. Kg1 Qg7
28. Rac1 g4 29. hxg4 fxg4 30. Qe4 Qg5 31. Qe3 Qg7 32. Bh4 Rde8 33. Rf1 Nd7 34.
Rxf8+ Rxf8 35. e6 Nf6 36. d5 Ne7 37. Rf1 Nfxd5 38. Rxf8+ Qxf8 39. Bxd5 1-0

[Event "World Open"]
[Site "Philadelphia"]
[Date "2011.06.30"]
[Round "1"]
[White "Homa, Seth"]
[Black "Gareev, Timur"]
[Result "0-1"]
[WhiteElo "2341"]
[BlackElo "2613"]
[PlyCount "82"]
[EventDate "2011.06.??"]
[EventType "swiss"]
[EventRounds "9"]
[EventCountry "USA"]
[Source "MonRoi"]

1. e4 e5 2. Nf3 Nc6 3. Bb5 a6 4. Ba4 Nf6 5. O-O Be7 6. Re1 b5 7. Bb3 d6 8. c3
O-O 9. d4 Bg4 10. d5 Na5 11. Bc2 c6 12. h3 Bc8 13. dxc6 Qc7 14. Nbd2 Qxc6 15.
Nf1 Nc4 16. Ng3 Be6 17. Nh4 g6 18. Nf3 Rfe8 19. a4 Bf8 20. Ng5 Bd7 21. b3 Nb6
22. a5 Nc8 23. Bd2 Ne7 24. Rc1 Qb7 25. Nf1 Bc6 26. Qe2 d5 27. Ng3 Rad8 28. Nf3
dxe4 29. Nxe5 e3 30. fxe3 Bxg2 31. e4 Bxh3 32. Bg5 Bg7 33. Qf2 Nc6 34. Nxc6
Qxc6 35. e5 Ng4 36. Be4 Qc8 37. Qb6 Bxe5 38. Bb7 Qb8 39. Bxd8 Rxd8 40. Rxe5
Nxe5 41. Ne4 Ng4 0-1

[Event "World Open"]
[Site "Philadelphia"]
[Date "2011.06.30"]
[Round "1"]
[White "Ehlvest, Jaan"]
[Black "Thaler, Michael"]
[Result "1-0"]
[WhiteElo "2664"]
[BlackElo "2288"]
[PlyCount "95"]
[EventDate "2011.06.??"]
[EventType "swiss"]
[EventRounds "9"]
[EventCountry "USA"]
[Source "MonRoi"]

1. c4 e5 2. Nc3 Bb4 3. Nd5 Bc5 4. e3 c6 5. d4 Bd6 6. Nc3 Qe7 7. Nf3 exd4 8.
Nxd4 Be5 9. g3 g6 10. Bg2 Bg7 11. O-O Nf6 12. e4 d6 13. h3 O-O 14. Be3 Nbd7 15.
Re1 Nc5 16. Qc2 Ne6 17. Nde2 Nd7 18. f4 Nb6 19. b3 Nc5 20. Nd4 Re8 21. Bf2 Bd7
22. Rad1 Rad8 23. Kh2 Bc8 24. Nb1 Qc7 25. Nd2 Re7 26. N4f3 Rde8 27. b4 Ne6 28.
c5 dxc5 29. bxc5 Nd7 30. e5 b6 31. cxb6 axb6 32. Ne4 Ba6 33. Nd6 Rd8 34. f5
gxf5 35. Nxf5 Ree8 36. Nxg7 Nxg7 37. Ng5 Nf8 38. Qxc6 Qe7 39. Ne4 Rxd1 40. Rxd1
Rb8 41. Nf6+ Kh8 42. Qd6 Qa7 43. Qa3 Nge6 44. Rd6 Kg7 45. Nd5 Nd7 46. Rxe6 fxe6
47. Qe7+ Kh8 48. Nf6 1-0

[Event "World Open"]
[Site "Philadelphia"]
[Date "2011.06.30"]
[Round "1"]
[White "Troff, Kayden"]
[Black "Shabalov, Alexander"]
[Result "1/2-1/2"]
[WhiteElo "2255"]
[BlackElo "2660"]
[PlyCount "131"]
[EventDate "2011.06.??"]
[EventType "swiss"]
[EventRounds "9"]
[EventCountry "USA"]
[Source "MonRoi"]

1. d4 d5 2. c4 c6 3. Nf3 Nf6 4. e3 a6 5. Bd3 Bg4 6. b3 e6 7. O-O Nbd7 8. Bb2
Bd6 9. Nbd2 O-O 10. Qc2 Qb8 11. h3 Bh5 12. Ng5 Bg6 13. Bxg6 hxg6 14. e4 Bh2+
15. Kh1 Bf4 16. Ngf3 Rd8 17. e5 Nh7 18. cxd5 cxd5 19. g3 Bh6 20. Ba3 Rc8 21.
Qd3 Qc7 22. Bd6 Qc2 23. Qxc2 Rxc2 24. Rfd1 Rac8 25. Bb4 b6 26. Kg2 a5 27. Be7
f6 28. Nf1 Kf7 29. Bd6 R8c3 30. N1h2 Ng5 31. Ne1 Rb2 32. Ba3 Re2 33. Kf1 Re4
34. h4 Nh7 35. Bb2 Rc8 36. f3 Rxe1+ 37. Rxe1 fxe5 38. Ng4 exd4 39. f4 Nhf6 40.
Nf2 d3 41. Nxd3 Ne4 42. Kg2 Rc2+ 43. Kf3 Ndf6 44. Re2 Rxe2 45. Kxe2 Nxg3+ 46.
Kf3 Nf5 47. Ne5+ Ke8 48. Rc1 Nxh4+ 49. Ke2 Ke7 50. Rc8 Ne4 51. Ba3+ Nc5 52. Rc6
Bxf4 53. Nd3 Kd7 54. Rxc5 bxc5 55. Nxf4 c4 56. bxc4 dxc4 57. Bb2 Kd6 58. Bxg7
e5 59. Bf8+ Kc6 60. Ne6 Nf5 61. Ba3 Kd5 62. Nf8 Kd4 63. Nxg6 c3 64. Bc1 Ke4 65.
Nxe5 Nd4+ 66. Kf2 1/2-1/2

[Event "World Open"]
[Site "Philadelphia"]
[Date "2011.06.30"]
[Round "1"]
[White "Plotkin, Victor"]
[Black "Kacheishvili, Giorgi"]
[Result "0-1"]
[WhiteElo "2243"]
[BlackElo "2661"]
[PlyCount "62"]
[EventDate "2011.06.??"]
[EventType "swiss"]
[EventRounds "9"]
[EventCountry "USA"]
[Source "MonRoi"]

1. e4 c6 2. d4 d5 3. exd5 cxd5 4. Nf3 Nf6 5. Bd3 Bg4 6. c3 Qc7 7. Qa4+ Bd7 8.
Qb3 Nc6 9. O-O e6 10. Re1 h6 11. Nbd2 Bd6 12. Nf1 O-O 13. Bd2 Rab8 14. Qc2 Rfc8
15. Qc1 Kf8 16. Ng3 Ng8 17. Nh5 Nce7 18. Ne5 Be8 19. Nf4 g5 20. Nh3 f6 21. f4
h5 22. Qd1 g4 23. Nf2 Qb6 24. Nfxg4 hxg4 25. Qxg4 f5 26. Qg5 Qxb2 27. Rad1 Rxc3
28. Bxc3 Qxc3 29. Nf3 Bf7 30. h4 Nc6 31. Bxf5 Be7 0-1

[Event "World Open"]
[Site "Philadelphia"]
[Date "2011.06.30"]
[Round "1"]
[White "Tuhrim, Richard"]
[Black "Bercys, Salvijus"]
[Result "0-1"]
[WhiteElo "2249"]
[BlackElo "2548"]
[PlyCount "60"]
[EventDate "2011.06.??"]
[EventType "swiss"]
[EventRounds "9"]
[EventCountry "USA"]
[Source "MonRoi"]

1. d4 Nf6 2. c4 g6 3. Nf3 Bg7 4. Nc3 O-O 5. Bg5 c5 6. e3 d6 7. dxc5 Qa5 8. Qd2
dxc5 9. Bxf6 exf6 10. Be2 Nc6 11. O-O f5 12. Rac1 Rd8 13. Qc2 Be6 14. Nd5 Qxa2
15. Ng5 Qxb2 16. Qxb2 Bxb2 17. Rb1 Bg7 18. Rxb7 Bd7 19. Rd1 h6 20. Ne7+ Nxe7
21. Rdxd7 Rxd7 22. Rxd7 Bf6 23. Nh3 a5 24. Bf3 Ra6 25. Nf4 a4 26. Nd5 Nxd5 27.
Bxd5 a3 28. Rxf7 Kh8 29. Rf8+ Kh7 30. Rf7+ Bg7 0-1

[Event "World Open"]
[Site "Philadelphia"]
[Date "2011.06.30"]
[Round "1"]
[White "Molner, Mackenzie"]
[Black "Jayakumar, Adarsh"]
[Result "1-0"]
[WhiteElo "2486"]
[BlackElo "2260"]
[PlyCount "69"]
[EventDate "2011.06.??"]
[EventType "swiss"]
[EventRounds "9"]
[EventCountry "USA"]
[Source "MonRoi"]

1. e4 c5 2. Nf3 d6 3. d4 cxd4 4. Nxd4 Nf6 5. Nc3 a6 6. Bg5 e6 7. f4 Nbd7 8. Bc4
Qb6 9. Qd2 Nc5 10. Bxf6 gxf6 11. O-O-O Bd7 12. Kb1 O-O-O 13. f5 Qb4 14. Qe2 Re8
15. a3 Qb6 16. Qh5 Re7 17. Rhf1 Bc6 18. Qh4 Nxe4 19. Nxe4 Bxe4 20. fxe6 d5 21.
Qxf6 Rg8 22. exf7 Rg6 23. Qh8 Qd8 24. Bd3 Rxg2 25. Bxe4 Rxe4 26. Rg1 Rf2 27.
Rdf1 Rxf1+ 28. Rxf1 Kd7 29. Rg1 Be7 30. Rg8 Qb6 31. Nb3 Rf4 32. f8=Q Bxf8 33.
Rxf8 Rxf8 34. Qxf8 Qg1+ 35. Ka2 1-0

[Event "World Open"]
[Site "Philadelphia"]
[Date "2011.06.30"]
[Round "1"]
[White "Leve, Nitai"]
[Black "Lapshun, Yury"]
[Result "1-0"]
[WhiteElo "2221"]
[BlackElo "2560"]
[PlyCount "67"]
[EventDate "2011.06.??"]
[EventType "swiss"]
[EventRounds "9"]
[EventCountry "USA"]
[Source "MonRoi"]

1. e4 c5 2. Nf3 e6 3. d4 cxd4 4. Nxd4 Nf6 5. Bd3 Nc6 6. Nxc6 bxc6 7. O-O d5 8.
e5 Nd7 9. f4 Be7 10. Be3 Bc5 11. Bxc5 Nxc5 12. Nd2 Qb6 13. Rf2 Qxb2 14. Nb3 Qa3
15. Rf3 Ba6 16. Bxa6 Nxa6 17. Nd4 Qa4 18. f5 c5 19. Ne2 O-O 20. f6 Qe4 21. fxg7
Kxg7 22. Qd2 Qxe5 23. Raf1 d4 24. Rh3 f5 25. Qh6+ Kf7 26. Qxh7+ Qg7 27. Qh5+
Ke7 28. Nf4 Kd6 29. Nxe6 Kxe6 30. Qe2+ Kd7 31. Qxa6 Rfb8 32. Rh6 Qe5 33. Rh7+
Kd8 34. Qc6 1-0

[Event "World Open"]
[Site "Philadelphia"]
[Date "2011.06.30"]
[Round "1"]
[White "Wang, Puchen"]
[Black "Most, Eric"]
[Result "1/2-1/2"]
[WhiteElo "2506"]
[BlackElo "2183"]
[PlyCount "122"]
[EventDate "2011.06.??"]
[EventType "swiss"]
[EventRounds "9"]
[EventCountry "USA"]
[Source "MonRoi"]

1. d4 Nf6 2. Nf3 g6 3. g3 Bg7 4. Bg2 O-O 5. O-O d6 6. c4 Nbd7 7. Nc3 e5 8. e4
exd4 9. Nxd4 Re8 10. h3 a6 11. Be3 Rb8 12. Re1 Ne5 13. Qe2 c5 14. Nc2 Be6 15.
b3 Nfd7 16. Nd5 b5 17. f4 Nc6 18. Rad1 bxc4 19. Qxc4 Qa5 20. a3 Nb6 21. Qf1
Bxd5 22. exd5 Nd4 23. b4 Qa4 24. Bxd4 cxd4 25. Qd3 Rec8 26. Nxd4 Bxd4+ 27. Qxd4
Qxa3 28. Rd3 Qa4 29. Ra1 Qb5 30. Ra5 Rc1+ 31. Kh2 Qc4 32. Qe3 Rc2 33. Rd4 Qf1
34. Rd2 Rxd2 35. Qxd2 Qc4 36. Ra1 Re8 37. Rc1 Qb5 38. Qd4 a5 39. Rc6 Nc8 40.
bxa5 Qxa5 41. g4 Qd8 42. Qc3 Ne7 43. Ra6 Nc8 44. Ra8 Qd7 45. Qc6 Qxc6 46. dxc6
Kf8 47. Rb8 Ke7 48. Bd5 Kd8 49. Rb7 Re2+ 50. Kg3 Ne7 51. Bxf7 Nxc6 52. Bg8 Re7
53. Rxe7 Nxe7 54. Bxh7 d5 55. h4 Ke8 56. f5 Nxf5+ 57. gxf5 gxf5 58. h5 Kf7 59.
h6 Kf8 60. Kf4 d4 61. Bxf5 Kg8 1/2-1/2

[Event "World Open"]
[Site "Philadelphia"]
[Date "2011.06.30"]
[Round "1"]
[White "Heinis, Vincent"]
[Black "Yang, Darwin"]
[Result "0-1"]
[WhiteElo "2146"]
[BlackElo "2491"]
[PlyCount "90"]
[EventDate "2011.06.??"]
[EventType "swiss"]
[EventRounds "9"]
[EventCountry "USA"]
[Source "MonRoi"]

1. e4 e6 2. d4 d5 3. Nc3 Nf6 4. e5 Nfd7 5. Nf3 c5 6. dxc5 Nc6 7. Bf4 Bxc5 8.
Bd3 f6 9. exf6 Nxf6 10. Qe2 O-O 11. O-O-O Qa5 12. Kb1 a6 13. Ne5 Qb4 14. Bd2
Nxe5 15. Qxe5 Bd4 16. Qc7 Ng4 17. a3 Qb6 18. Qg3 Nxf2 19. Na4 Qd8 20. Bb4 Nxh1
21. Bxh7+ Kxh7 22. Qd3+ Kg8 23. Qxd4 e5 24. Qxe5 Rf5 25. Qd4 Nf2 26. Rd2 Qf6
27. Nb6 Ne4 28. Nxa8 Nxd2+ 29. Qxd2 Rf1+ 30. Ka2 Be6 31. Nc7 Bf7 32. Nxd5 Rf5
33. c4 Bxd5 34. cxd5 Qf7 35. Qc3 Qxd5+ 36. Qb3 Qxb3+ 37. Kxb3 Rf2 38. Bd6 Rxg2
39. a4 Kf7 40. a5 Ke6 41. Bg3 Kd5 42. Kc3 Re2 43. Bc7 Kc5 44. Bb6+ Kb5 45. h4
Re4 0-1

[Event "World Open"]
[Site "Philadelphia"]
[Date "2011.07.01"]
[Round "2"]
[White "Mulyar, Michael"]
[Black "Van Wely, Loek"]
[Result "0-1"]
[WhiteElo "2399"]
[BlackElo "2683"]
[PlyCount "32"]
[EventDate "2011.06.??"]
[EventType "swiss"]
[EventRounds "9"]
[EventCountry "USA"]
[Source "MonRoi"]

1. d4 Nf6 2. c4 e6 3. g3 c5 4. Nf3 cxd4 5. Nxd4 Qc7 6. Nc3 a6 7. Bg2 Qxc4 8.
O-O Nc6 9. Nb3 Be7 10. e4 d6 11. Be3 Ne5 12. Rc1 Qd3 13. Nd2 O-O 14. Re1 Nfg4
15. Bf1 Nxe3 16. fxe3 Qxd2 0-1

[Event "World Open"]
[Site "Philadelphia"]
[Date "2011.07.01"]
[Round "2"]
[White "Sarkar, Justin"]
[Black "Gelashvili, Tamaz"]
[Result "0-1"]
[WhiteElo "2385"]
[BlackElo "2616"]
[PlyCount "50"]
[EventDate "2011.06.??"]
[EventType "swiss"]
[EventRounds "9"]
[EventCountry "USA"]
[Source "MonRoi"]

1. d4 Nf6 2. c4 e6 3. Nc3 Bb4 4. Qc2 O-O 5. e4 d5 6. e5 Ne4 7. Bd3 c5 8. Nf3
cxd4 9. Nxd4 Nd7 10. Bf4 Ndc5 11. O-O Bxc3 12. bxc3 Bd7 13. Be2 Na4 14. cxd5
exd5 15. c4 Rc8 16. Rab1 Nb6 17. f3 Nc5 18. Nb5 Bxb5 19. cxb5 d4 20. Bd3 Ne6
21. Qd2 Nc4 22. Bxc4 Rxc4 23. Bg3 Qd5 24. f4 Rfc8 25. Rf2 Nc5 0-1

[Event "World Open"]
[Site "Philadelphia"]
[Date "2011.07.01"]
[Round "2"]
[White "Gareev, Timur"]
[Black "Bartell, Thomas"]
[Result "1/2-1/2"]
[WhiteElo "2613"]
[BlackElo "2352"]
[PlyCount "67"]
[EventDate "2011.06.??"]
[EventType "swiss"]
[EventRounds "9"]
[EventCountry "USA"]
[Source "MonRoi"]

1. d4 Nf6 2. c4 e6 3. Nf3 b6 4. Nc3 Bb4 5. Bg5 Bb7 6. Qc2 h6 7. Bh4 g5 8. Bg3
Ne4 9. d5 Bxc3+ 10. bxc3 Nxg3 11. hxg3 Na6 12. e4 Nc5 13. O-O-O g4 14. Nd4 Qg5+
15. Kb1 O-O-O 16. Nb3 d6 17. Nxc5 dxc5 18. Bd3 h5 19. Qd2 Rdg8 20. Rh4 Kb8 21.
Kc2 f5 22. Rdh1 fxe4 23. Bxe4 exd5 24. cxd5 c4 25. Rd1 Qe7 26. Qd4 Re8 27. f3
Qe5 28. Qxe5 Rxe5 29. Rd4 Rhe8 30. a4 a6 31. Rh1 Bc8 32. Kd2 Bb7 33. Rg1 Bxd5
34. Bxd5 1/2-1/2

[Event "World Open"]
[Site "Philadelphia"]
[Date "2011.07.01"]
[Round "2"]
[White "Zhao, Parker Bi Guang"]
[Black "Bluvshtein, Mark"]
[Result "0-1"]
[WhiteElo "2359"]
[BlackElo "2611"]
[PlyCount "56"]
[EventDate "2011.06.??"]
[EventType "swiss"]
[EventRounds "9"]
[EventCountry "USA"]
[Source "MonRoi"]

1. e4 d6 2. d4 g6 3. Nc3 Bg7 4. Be3 Nf6 5. h3 c6 6. Nf3 O-O 7. Bd3 Nbd7 8. O-O
Qc7 9. Ne2 e5 10. dxe5 dxe5 11. c4 b6 12. b4 Rd8 13. Qc2 Nh5 14. Bg5 Re8 15.
Qd2 Nf8 16. g4 Nf6 17. Be3 h5 18. g5 N6h7 19. Kg2 Ne6 20. Rad1 Qe7 21. c5 bxc5
22. bxc5 Nxc5 23. Bxc5 Qxc5 24. Rc1 Qe7 25. Bc4 Rd8 26. Qe3 Nf8 27. Bb3 Rd6 28.
Nd2 Qd7 0-1

[Event "World Open"]
[Site "Philadelphia"]
[Date "2011.07.01"]
[Round "2"]
[White "Kacheishvili, Giorgi"]
[Black "Van Kooten, Luke"]
[Result "1-0"]
[WhiteElo "2582"]
[BlackElo "2341"]
[PlyCount "77"]
[EventDate "2011.06.??"]
[EventType "swiss"]
[EventRounds "9"]
[EventCountry "USA"]
[Source "MonRoi"]

1. d4 Nf6 2. c4 c5 3. d5 e6 4. Nc3 exd5 5. cxd5 d6 6. Nf3 g6 7. Bf4 a6 8. a4
Bg7 9. h3 O-O 10. e3 Nh5 11. Bh2 f5 12. Be2 f4 13. O-O Nd7 14. Nd2 fxe3 15.
fxe3 Qg5 16. Bxh5 Rxf1+ 17. Nxf1 gxh5 18. Ne4 Qg6 19. Nxd6 Ne5 20. Nxc8 Rxc8
21. Ng3 Nd3 22. Qxh5 Bxb2 23. Rf1 Qxh5 24. Nxh5 c4 25. d6 Rd8 26. Bg3 Be5 27.
Bh4 Rxd6 28. Be7 h6 29. Rf8+ Kh7 30. Bxd6 Bxd6 31. Rc8 b5 32. axb5 axb5 33. Kf1
Be5 34. Nf4 Bxf4 35. exf4 Kg6 36. g3 Kf5 37. Ke2 Ke4 38. Re8+ Kd4 39. f5 1-0

[Event "World Open"]
[Site "Philadelphia"]
[Date "2011.07.01"]
[Round "2"]
[White "Young, Gregory"]
[Black "Lenderman, Alex"]
[Result "0-1"]
[WhiteElo "2327"]
[BlackElo "2548"]
[PlyCount "70"]
[EventDate "2011.06.??"]
[EventType "swiss"]
[EventRounds "9"]
[EventCountry "USA"]
[Source "MonRoi"]

1. e4 c6 2. c4 d5 3. exd5 cxd5 4. cxd5 Nf6 5. Qa4+ Nbd7 6. Nc3 g6 7. Bc4 a6 8.
d4 Bg7 9. Bf4 O-O 10. Bb3 Nb6 11. Qa5 Nbxd5 12. Qxd8 Rxd8 13. Be5 Bf5 14. Nge2
Rac8 15. Nxd5 Nxd5 16. Bxd5 Rxd5 17. Nc3 Rd7 18. Rd1 Bh6 19. d5 Bc2 20. Rd4 f6
21. Bg3 e5 22. Rh4 Bf8 23. Kd2 Bf5 24. f3 b5 25. a3 a5 26. Rc1 g5 27. Rh5 b4
28. axb4 axb4 29. Ne4 Rxd5+ 30. Ke3 Rxc1 31. Nxf6+ Kf7 32. Nxd5 Kg6 33. Rh3
Bc5+ 34. Kd2 Rc2+ 35. Kd1 Rxg2 0-1

[Event "World Open"]
[Site "Philadelphia"]
[Date "2011.07.01"]
[Round "2"]
[White "Sapozhnikov, Roman"]
[Black "Amanov, Mesgen"]
[Result "0-1"]
[WhiteElo "2318"]
[BlackElo "2517"]
[PlyCount "132"]
[EventDate "2011.06.??"]
[EventType "swiss"]
[EventRounds "9"]
[EventCountry "USA"]
[Source "MonRoi"]

1. e4 c5 2. Nf3 d6 3. d4 cxd4 4. Nxd4 Nf6 5. Nc3 a6 6. Bg5 e6 7. f4 Nbd7 8. Qe2
Qc7 9. O-O-O b5 10. a3 Bb7 11. g4 Be7 12. Bh4 Nb6 13. g5 Nfd7 14. f5 e5 15. Nf3
Rc8 16. Bh3 Qc4 17. Qxc4 Rxc4 18. Rhe1 f6 19. gxf6 gxf6 20. Nd2 Rc8 21. Nb3 Nc4
22. Nd5 Bxd5 23. exd5 Bf8 24. Bf2 Bh6+ 25. Kb1 Kf8 26. Bf1 Rg8 27. Rd3 Bf4 28.
Rh3 h6 29. Bg3 Bg5 30. Bf2 Ndb6 31. Rd1 Bf4 32. Na5 Nxa5 33. Bxb6 Nc4 34. Bxc4
Rxc4 35. b3 Rc8 36. Rf1 Rg2 37. Rf2 Rg1+ 38. Kb2 Rd1 39. Be3 Bxe3 40. Rxe3 Rg1
41. Re4 Rc5 42. c4 h5 43. Kc3 Kg7 44. a4 bxc4 45. bxc4 Kh6 46. Rf3 a5 47. h3
Rc8 48. Kc2 Rg2+ 49. Kc1 Rcg8 50. c5 dxc5 51. Rc4 Rh2 52. Rd3 Rg1+ 53. Rd1
Rxd1+ 54. Kxd1 Rxh3 55. Ke2 Kg5 56. d6 Rb3 57. Rxc5 Rb8 58. Rxa5 Kxf5 59. Ra7
Rd8 60. d7 Ke6 61. Ra6+ Ke7 62. a5 Rxd7 63. Rb6 Rd4 64. a6 h4 65. Rb7+ Ke6 66.
a7 Ra4 0-1

[Event "World Open"]
[Site "Philadelphia"]
[Date "2011.07.01"]
[Round "2"]
[White "Veech, John"]
[Black "Zapata, Alonso"]
[Result "0-1"]
[WhiteElo "2108"]
[BlackElo "2477"]
[PlyCount "120"]
[EventDate "2011.06.??"]
[EventType "swiss"]
[EventRounds "9"]
[EventCountry "USA"]
[Source "MonRoi"]

1. d4 Nf6 2. c4 g6 3. g3 Bg7 4. Bg2 O-O 5. Nc3 d6 6. Nf3 Nc6 7. O-O a6 8. h3
Bf5 9. d5 Na5 10. Nd4 Bd7 11. Qd3 c5 12. dxc6 Nxc6 13. Nxc6 Bxc6 14. Be3 Bxg2
15. Kxg2 Qd7 16. Bd4 Qc6+ 17. Kh2 e5 18. Be3 e4 19. Qd2 Qxc4 20. Qxd6 b5 21.
Rfd1 b4 22. Rd4 Ng4+ 23. hxg4 Bxd4 24. Qxd4 Qxd4 25. Bxd4 bxc3 26. Bxc3 f5 27.
gxf5 Rxf5 28. Kg2 Rd5 29. Rh1 Re8 30. Rh4 Re6 31. Rh1 g5 32. a3 g4 33. Rh4 h5
34. Rh1 Kf7 35. Rf1 Kg6 36. Bb4 Rc6 37. Bc3 Re6 38. Bb4 a5 39. Bc3 Re8 40. Re1
a4 41. e3 Red8 42. Bd4 Rc8 43. Bc3 Rc7 44. Rc1 Kf5 45. Kg1 Ke6 46. Kg2 Rd3 47.
Kf1 Rc5 48. Ke2 Kd5 49. Rc2 Kc6 50. Rc1 Kb5 51. Rc2 Rdd5 52. Rc1 Rc6 53. Rc2
Rdd6 54. Rc1 Kc4 55. Rh1 Rd5 56. Rc1 Kb3 57. Ke1 Rd3 58. Ke2 Rc5 59. Ke1 Rcxc3
60. bxc3 Kb2 0-1

[Event "World Open"]
[Site "Philadelphia"]
[Date "2011.07.01"]
[Round "2"]
[White "Bercys, Salvijus"]
[Black "Leve, Nitai"]
[Result "1-0"]
[WhiteElo "2468"]
[BlackElo "2131"]
[PlyCount "57"]
[EventDate "2011.06.??"]
[EventType "swiss"]
[EventRounds "9"]
[EventCountry "USA"]
[Source "MonRoi"]

1. d4 d5 2. c4 e6 3. Nf3 c6 4. e3 Nf6 5. b3 Nbd7 6. Bd3 Be7 7. O-O b6 8. Bb2
Bb7 9. Nc3 O-O 10. Qc2 h6 11. Rad1 Rc8 12. e4 dxe4 13. Nxe4 Nxe4 14. Bxe4 Nf6
15. Bd3 Qc7 16. c5 Rcd8 17. Rfe1 bxc5 18. dxc5 Qa5 19. b4 Qc7 20. Be5 Qc8 21.
Qa4 Nd5 22. a3 a6 23. Bb1 a5 24. Qxa5 f6 25. Bb2 e5 26. Qa4 Nf4 27. Qb3+ Kh8
28. Qc2 g6 29. Nxe5 1-0

[Event "World Open"]
[Site "Philadelphia"]
[Date "2011.07.01"]
[Round "2"]
[White "Prilleltensky, Matan"]
[Black "Molner, Mackenzie"]
[Result "1-0"]
[WhiteElo "2100"]
[BlackElo "2464"]
[PlyCount "51"]
[EventDate "2011.06.??"]
[EventType "swiss"]
[EventRounds "9"]
[EventCountry "USA"]
[Source "MonRoi"]

1. d4 Nf6 2. c4 e6 3. Nc3 Bb4 4. a3 Bxc3+ 5. bxc3 b6 6. f3 Ba6 7. e4 Nc6 8. e5
Ng8 9. Nh3 Na5 10. Qa4 Ne7 11. Bd3 O-O 12. Bg5 h6 13. Bh4 d5 14. Bb1 g5 15. Qc2
Ng6 16. Nf4 Qe8 17. Nh5 Qe7 18. Bf2 Bxc4 19. h4 Nb3 20. Ra2 Na5 21. Nf6+ Kg7
22. hxg5 Bxa2 23. gxh6+ Kh8 24. Bxa2 Qxa3 25. Be3 c5 26. Bc1 1-0

[Event "World Open"]
[Site "Philadelphia"]
[Date "2011.07.01"]
[Round "2"]
[White "Hungaski, Robert"]
[Black "Hess, Peter"]
[Result "1-0"]
[WhiteElo "2464"]
[BlackElo "1948"]
[PlyCount "47"]
[EventDate "2011.06.??"]
[EventType "swiss"]
[EventRounds "9"]
[EventCountry "USA"]
[Source "MonRoi"]

1. d4 d5 2. c4 c6 3. Nf3 Nf6 4. Qb3 dxc4 5. Qxc4 Bf5 6. g3 e6 7. Bg2 Be7 8. O-O
O-O 9. e3 Nbd7 10. Qe2 Qc7 11. Nc3 Ne4 12. Ne1 Ndf6 13. f3 Nxc3 14. bxc3 Rad8
15. e4 Bg6 16. Nd3 c5 17. Be3 Qa5 18. Nxc5 Bxc5 19. dxc5 Qxc3 20. Rfc1 Qd3 21.
Bf1 Qxe2 22. Bxe2 a6 23. Rab1 Rd7 24. Rb4 1-0

[Event "World Open"]
[Site "Philadelphia"]
[Date "2011.07.01"]
[Round "2"]
[White "Most, Eric"]
[Black "Kudrin, Sergey"]
[Result "0-1"]
[WhiteElo "2129"]
[BlackElo "2543"]
[PlyCount "50"]
[EventDate "2011.06.??"]
[EventType "swiss"]
[EventRounds "9"]
[EventCountry "USA"]
[Source "MonRoi"]

1. e4 c5 2. Nf3 g6 3. d4 cxd4 4. Nxd4 Nf6 5. Nc3 d6 6. Be3 a6 7. f3 b5 8. Qd2
Bb7 9. a3 Nbd7 10. g4 Rc8 11. Be2 Ne5 12. O-O-O Bg7 13. h4 h5 14. g5 Nfd7 15.
f4 Nc4 16. Bxc4 Rxc4 17. f5 O-O 18. Nd5 Nc5 19. f6 exf6 20. b3 Nxe4 21. Qg2
Bxd5 22. bxc4 Qa5 23. Nxb5 axb5 24. Rxd5 Qxa3+ 25. Kd1 Qxe3 0-1

[Event "World Open"]
[Site "Philadelphia"]
[Date "2011.07.01"]
[Round "2"]
[White "Krush, Irina"]
[Black "Liu, Bingjie"]
[Result "1/2-1/2"]
[WhiteElo "2487"]
[BlackElo "2032"]
[PlyCount "83"]
[EventDate "2011.06.??"]
[EventType "swiss"]
[EventRounds "9"]
[EventCountry "USA"]
[Source "MonRoi"]

1. d4 d5 2. c4 e6 3. Nc3 Nf6 4. cxd5 exd5 5. Bg5 Be7 6. e3 O-O 7. Bd3 c6 8. Qc2
h6 9. Bh4 Re8 10. Nge2 Ng4 11. Bg3 a5 12. h3 Nf6 13. O-O Nbd7 14. f3 Nh5 15.
Bh2 Bg5 16. e4 Be3+ 17. Kh1 dxe4 18. fxe4 Nb6 19. e5 Bxd4 20. Bh7+ Kh8 21. Nxd4
Qxd4 22. Rxf7 Qh4 23. Raf1 Be6 24. R7f3 Nd5 25. Bg6 Nb4 26. Qe4 Qxe4 27. Nxe4
Bd5 28. Bxe8 Rxe8 29. Rf8+ Rxf8 30. Rxf8+ Kh7 31. Nc3 g5 32. a3 Nd3 33. Nxd5
cxd5 34. e6 Ng7 35. e7 Nxb2 36. Be5 Nc4 37. Bxg7 Nd6 38. Be5 d4 39. Bxd6 d3 40.
e8=Q h5 41. Rh8+ Kg7 42. Be5# 1/2-1/2

[Event "World Open"]
[Site "Philadelphia"]
[Date "2011.07.01"]
[Round "2"]
[White "Barrett, Steve"]
[Black "Wang, Puchen"]
[Result "0-1"]
[WhiteElo "2212"]
[BlackElo "2437"]
[PlyCount "48"]
[EventDate "2011.06.??"]
[EventType "swiss"]
[EventRounds "9"]
[EventCountry "USA"]
[Source "MonRoi"]

1. d4 Nf6 2. c4 g6 3. Nc3 d5 4. Nf3 Bg7 5. Bg5 Ne4 6. Bh4 Nxc3 7. bxc3 dxc4 8.
Qa4+ Qd7 9. Qxc4 b6 10. e3 Ba6 11. Qb3 Bxf1 12. Kxf1 O-O 13. Ke2 Nc6 14. Rhd1
Na5 15. Qb4 e6 16. Rac1 Rfc8 17. Kf1 Qe8 18. Qe7 Qb5+ 19. Kg1 Nc4 20. Ng5 Nd6
21. c4 Qf5 22. c5 Bf6 23. Nxf7 Bxe7 24. Nh6+ Kg7 0-1